000 00291nam a2200097Ia 4500
005 20250424112929.0
008 250424s9999 xx 000 0 und d
300 _avolumes , 3195 p. : illustrations ; 23 cm.
650 _aFinance--Periodicals. Finance--United States--Periodicals.
942 _cSR
999 _c37948
_d37948